Gaming Quiz

Random Gaming Quiz

Historical Figures from Assassin's Creed Quiz Stats

Quiz not verified by Sporcle

Challenge
Share
Tweet
Score 0/25 Timer 10:00
0 Plays Today
% Correct
Black Beard
96.9%
Leonardo da Vinci
91%
Benjamin Franklin
82.5%
George Washington
73.9%
Rodrigo Borgia
63%
Cesare Borgia
56.6%
Rashid ad-Din Sinan
50.6%
Charles Lee
43.7%
Lucrezia Borgia
38.9%
Niccolò Machiavelli
37.2%
Paul Revere
35.3%
Anne Bonny
32%
Calico Jack
31.7%
% Correct
Benjamin Hornigold
29.4%
Samuel Adams
29.3%
Bartholomew Roberts
23.3%
Edward Braddock
19.2%
William Johnson
18%
Piri Reis
12.6%
Ahmet
9.7%
Benjamin Church
9.7%
Sibrand
9.4%
Robert de Sablé
9.3%
Garnier de Naplouse
9.1%
Manuel Palaiologos
7.8%

You're not logged in!

Compare scores with friends on all Sporcle quizzes.
Sign Up with Email
OR
Log In

You Might Also Like...

Show Comments

Extras

Top Quizzes Today


Score Distribution

Your Account Isn't Verified!

In order to create a playlist on Sporcle, you need to verify the email address you used during registration. Go to your Sporcle Settings to finish the process.